000 00549nam a22001817a 4500
999 _c120849
_d120849
005 20201230121704.0
008 201230b ||||| |||| 00| 0 eng d
020 _a9780170387521
040 _cPK-LaUMT
082 _a616.890231
_bHER-M
100 _aHercelinskyj, Gylo
245 _aMental health nursing :
_bapplying theory to practice /
_cby Gylo (Julie) Hercelinskyj and Louise Alexander
260 _aVictoria :
_bCengage Learning Australia,
_c2020
300 _a542 p.
650 _aNursing
650 _aPsychiatric nursing
942 _cBK